000 00874nam a2200205 a 4500
001 000041972
005 20201002035848.0
008 131007s2004 sp 000 0 spa d
020 _a8400083008
040 _aDO-SdBNP
_bspa
_cBNPHU
100 1 _aMoreno Cebrián, Alfredo
_968905
245 1 0 _aEl Premio de ser virrey :
_blos intereses públicos y privados del gobierno virreinal en el Perú de FelipV /
_cAlfredo Moreno Cebrián y Núria Sala i Vila.
260 _aMadrid :
_bConsejo Superior de Investigaciones Científicas,
_c2004.
300 _a335 p. ;
_c25 cm.
490 1 _aBiblioteca de historia de América
_v33
504 _aIncluye referencias bibliográficas y notas al pie de las páginas
700 1 _aSala i Vila, Núria
_966077
710 2 _aConsejo Superior de Investigaciones Científicas,
_94786
830 0 _aBiblioteca de historia de América
_v33
_966078
999 _c41461
_d41461